00522nam a2200229Ia 4500008003600000041000800036082001200044100001600056245007900072260003000151650001000181650000800191650001100199650001400210650001000224650001100234650000700245650001000252650000900262650001300271650000800284210210b xxu||||| |||| 00| 0 eng d aeng a821/397 aMILES (A H) aPoets and the poetry of the century: from sacred moral and religious verse aLondonbHutchinson & Coc averse athe asacred areligious aPoets apoetry aof amoral afrom acentury: aand